| 000 | 00974nas a2200289 4500 | ||
|---|---|---|---|
| 001 | BR0903225 | ||
| 003 | BR-BrBNA | ||
| 005 | 20231205113431.0 | ||
| 007 | ta | ||
| 008 | 230509b bl.|||p| |||| 00| 00por d | ||
| 040 |
_aBR-BrBNA _bpor _cBiblioteca Nacional de Agricultura |
||
| 041 | _a(Pt) | ||
| 072 | _aH10 | ||
| 100 | 1 | _aAndrade, D.J. de | |
| 100 | 1 | _aOliveira, C.A.L. de | |
| 100 | 1 | _aAssumpção, R.M. de | |
| 100 | 1 | _aMorais, M.R. de | |
| 245 | 1 | _aEfeito da abamectina com e sem a adição de óleo mineral sobre o ácaro-da--ferrugem-dos-citros Phyllocoptruta oleivora (Ashmead)(Acari: Eriophydae) | |
| 650 | _aFRUTA CÍTRICA | ||
| 650 | _aACARO | ||
| 650 | _aCONTROLE QUÍMICO | ||
| 650 | _aCONTROLE INTEGRADO | ||
| 773 | 0 |
_tRevista de Agricultura (Brazil) _xISSN 0034-7655 _g(Jun 2009), v. 84(1) p. 62-70 _wBR0903225 |
|
| 856 | 4 | 0 | _uhttp://www.aprh.pt/rgci/pdf/rgci-155_Borges.pdf |
| 909 |
_a202311 _bLúcia _c55 _dLúcia Elande |
||
| 942 |
_2AGRIS _n0 _cANA |
||
| 999 |
_c203751 _d203751 |
||